| 000 | 01003cab a2200349 4500 | ||
|---|---|---|---|
| 001 | ABS53225 | ||
| 008 | 090401t1995 xxu||||| |||| 00| 0 eng d | ||
| 035 | _a(Sirsi) u2750 | ||
| 041 | _aeng | ||
| 245 | _aFocus `95: Lancashire and Cumbria | ||
| 260 | _c1995 | ||
| 350 | _a0 | ||
| 490 |
_aEstates Gazette _v(9527) 8 July 1995, 117-141(13) |
||
| 650 | _aBARROW IN FURNESS | ||
| 650 | _aBLACKBURN | ||
| 650 | _aBLACKPOOL | ||
| 650 | _aCARLISLE | ||
| 650 | _aCHESHIRE | ||
| 650 | _aDEFENCE PROPERTY | ||
| 650 | _aDEFENCE SECTOR | ||
| 650 | _aINDUSTRIAL MARKET | ||
| 650 | _aKENDAL | ||
| 650 | _aLANCASHIRE | ||
| 650 | _aLANCASTER | ||
| 650 | _aPROPERTY-COMMERCIAL PROPERTY-OFFICE PROPERTY-OFFICE PROPERTY MARKET | ||
| 650 | _aPRESTON | ||
| 650 | _aPROPERTY-COMMERCIAL PROPERTY-RETAIL PROPERTY-RETAIL PROPERTY MARKET | ||
| 650 | _aVICKERS SHIPBUILDING AND ENGINEERING | ||
| 690 | _aPROPERTY-COMMERCIAL PROPERTY-COMMERCIAL PROPERTY MARKET | ||
| 942 | _n0 | ||
| 948 | _c04/03/1997 | ||
| 999 |
_c1654 _d1654 |
||